01134nam a2200157Ia 4500008004100000082001700041100001500058245024400073260002500317365000600342630024400348730024400592942000900836999001900845952011200864100415s9999 xx 000 0 und d b14670a574.5 aWORLD BANK aGlobal Environment Facility : Memorandum and Recommendation of the Director East Asia and Pacific Country Department III of the International Bank for Reconstruction and Development .... for a Biodiversity Collections Project June 22, 1994 aWASHINGTONc1994bWB b0 aGlobal Environment Facility : Memorandum and Recommendation of the Director East Asia and Pacific Country Department III of the International Bank for Reconstruction and Development .... for a Biodiversity Collections Project June 22, 1994 aGlobal Environment Facility : Memorandum and Recommendation of the Director East Asia and Pacific Country Department III of the International Bank for Reconstruction and Development .... for a Biodiversity Collections Project June 22, 1994 cBOOK c597568d597565 00104070aBNHSbBNHSd1997-08-13g0.00l0o574.5 14670pBNHS-14670r2010-04-15 00:00:00w2010-04-15yBOOK